000 00541nam a2200121Ia 4500
008 171212s9999 xx 000 0 und d
020 _a9780833084361
100 _aLeonard, Robert S.;Wallace, Akilah
245 _cLeonard, Robert S.;Wallace, Akilah
_aAir Force Major Defense Acquisition Program Cost Growth Is Driven by Three Space Programs and the F-35A
_bFiscal Year 2013 President's Budget Selected Acquisition Reports
260 _bRAND Corporation
_c2014
650 _aHistory
856 _uhttp://www.jstor.org/stable/10.7249/j.ctt14bs2v4
999 _c351693
_d351693